Normal view MARC view
  • Dahl, Robert A.,

Entry Personal Name

Number of records used in: 1

001 - CONTROL NUMBER

  • control field: 39188

003 - CONTROL NUMBER IDENTIFIER

  • control field: OSt

005 - DATE AND TIME OF LATEST TRANSACTION

  • control field: 20160131125928.0

008 - FIXED-LENGTH DATA ELEMENTS

  • fixed length control field: 160131|| aca||aabn | a|a d

040 ## - CATALOGING SOURCE

  • Original cataloging agency: OSt

100 1# - HEADING--PERSONAL NAME

  • Personal name: Dahl, Robert A.,
  • Dates associated with a name: 1915-2014

400 1# - SEE FROM TRACING--PERSONAL NAME

  • Personal name: Dahl, Robert Alan,
  • Dates associated with a name: 1915-2014

400 1# - SEE FROM TRACING--PERSONAL NAME

  • Personal name: Dahl, R. A.
  • Fuller form of name: (Robert Alan),
  • Dates associated with a name: 1915-2014